000 00343 a2200157 4500
001 58496
020 _a9788535910315
040 _cAnchieta - Pituba
100 _aGordiner, Nadine
240 1 0 _aContando histórias
_lpor
245 1 0 _aContando histórias
300 _a317
362 0 _a2007
650 4 _aFicção brasileira
942 _cBK
999 _c58496
_d58496